Mô hình kết cấu gối cô lập trượt ma sát cho công trình chịu tải trọng động đất : Luận án Tiến sĩ kỹ thuật - Chuyên ngành: Cơ kỹ thuật

Salvato in:
Dettagli Bibliografici
Autore principale: Nguyễn, Văn Nam
Natura: Luận văn
Lingua:Undetermined
Pubblicazione: Đại học Đà Nẵng 2017
Soggetti:
Tags: Aggiungi Tag
Nessun Tag, puoi essere il primo ad aggiungerne! !
Thư viện lưu trữ: Trung tâm Thư viện - Trường Đại học Công nghiệp TP. Hồ Chí Minh
LEADER 00708nam a2200157Ia 4500
001 UIH_01793
008 230809s9999 xx 000 0 und d
082 |a 624.1 
100 |a Nguyễn, Văn Nam 
245 0 |a Mô hình kết cấu gối cô lập trượt ma sát cho công trình chịu tải trọng động đất : Luận án Tiến sĩ kỹ thuật - Chuyên ngành: Cơ kỹ thuật 
245 0 |c Nguyễn, Văn Nam 
260 |b Đại học Đà Nẵng 
260 |c 2017 
650 |a Công trình xây dựng;Cơ học kỹ thuật 
927 |a Luận văn 
980 |a Trung tâm Thư viện - Trường Đại học Công nghiệp TP. Hồ Chí Minh